2020s Oscar Best Picture Nominees - Statistics

General Stats
  • This quiz has been taken 303 times
    217 since last reset
  • The average score is 32 of 47
Answer Stats
Movie % Correct
Oppenheimer
100%
Barbie
91%
Parasite
91%
Everything Everywhere All at Once
90%
CODA
82%
Killers of the Flower Moon
82%
Nomadland
81%
King Richard
81%
Maestro
81%
Little Women
80%
Marriage Story
80%
Avatar: The Way of Water
79%
1917
78%
Dune
78%
Ford v Ferrari
78%
The Father
77%
The Holdovers
76%
Joker
74%
Once Upon a Time in Hollywood
74%
Top Gun: Maverick
74%
Elvis
73%
The Fabelmans
73%
Anatomy of a Fall
72%
Tár
71%
West Side Story
71%
All Quiet on the Western Front
70%
Jojo Rabbit
70%
Poor Things
69%
The Zone of Interest
69%
American Fiction
67%
Don't Look Up
64%
Minari
63%
Sound of Metal
63%
The Irishman
60%
Mank
58%
The Power of the Dog
55%
Belfast
54%
The Trial of Chicago 7
54%
Judas and the Black Messiah
52%
The Banshees of Inisherin
50%
Past Lives
48%
Promising Young Woman
48%
Drive My Car
47%
Women Talking
45%
Triangle of Sadness
44%
Licorice Pizza
41%
Nightmare Alley
35%
No matching quizzes found
Score Distribution
Percent of People with Each Score
Percentile by Number Answered
Your Score History
You have not taken this quiz since the last reset